02381cam a22003497i 4500999001700000005001700017008004100034017003000075020001800105020001500123035002400138040010500162043001200267082002300279100003000302245004400332300005900376504006700435650004400502650005700546650003200603650001900635650001700654650003200671651001700703651001900720942001200739520109800751655002701849906004501876952011001921 c64139d6413920240530110716.0170509t20162016ua ae b 001 0 eng d bمصر. دار الكتب a9789774167324 a9774167325 a(OCoLC)ocn919186646 aYDXCPbengcYDXCPerdadOCLCQdBDXdVA@dYDXdMZAdOCLCFdGBVCPdOCLCOdGZMdIULdVMIdWTUdUABdDLC af-ua---04221a726.2\bO M/CC1 aO'Kane, Bernard,eauthor.14aThe mosques of Egypt /cBernard O'Kane. axliv, 359 pages :bcolor illustrations, plans ;e31 cm aIncludes bibliographical references (pages 347-356) and index. 0aMosqueszEgyptvPictorial works.2qrmak 0aIslamic architecturezEgyptvPictorial works.2qrmak 7aIslamic architecture.2fast 7aMosques.2fast 7aMoschee2gnd 7aIslamische Architektur2gnd 7aEgypt.2fast 7aÄgypten2gnd 2ddccBK aLess than ten years after the death of the Prophet Muhammad, the new religion of Islam arrived in Egypt with the army of Amr ibn al-As in AD 639. Amr immediately established his capital at al-Fustat, just south of modern Cairo, and there he built Africa's first mosque, one still in regular use today. Since then, governors, caliphs, sultans, amirs, beys, pashas, among others, have built mosques, madrasas, and mausoleums throughout Egypt in a changing sequence of Fatimid, Ayyubid, Mamluk, Ottoman, and modern styles. Here, a leading historian of Islamic art and culture celebrates the great variety of Egypt's mosques and related religious buildings, from the early congregational mosques, through the medieval mausoleum--madrasas, to the neighborhood mosques of the Ottoman and modern periods. With outstanding architectural photography and authoritative descriptive texts, this book will be valued as the finest on the subject by scholars and general readers alike. Includes more that 80 of the country's most historic mosques, with more than 500 color photographs. -- Inside jacket flap. 7aPictorial works.2fast a7bcbcccopycatd2encipf20gy-gencatlg 00104070aCAIbCAIcART-LIBRARYd2018-02-25l0o726.2\ O Mp164280r2018-02-25 00:00:00w2018-02-25yBK